banner koha

Green propolis as an adjuvant against nontuberculous mycobacteria (Registro n. 338114)

MARC details
000 -LÍDER
fixed length control field 03774nab a2200325 i 4500
003 - CÓDIGO MARC DA AGÊNCIA CATALOGADORA
Campo de controle BR-BrBNA
005 - DATA E HORA DA ÚLTIMA ATUALIZAÇÃO
Campo de controle 20250910175341.0
008 - CAMPO DE TAMANHO FIXO
fixed length control field 250910b2021 bl.ar|pooa||| 00| 0 eng |
040 ## - FONTE DA CATALOGAÇÃO
Agência catalogadora BR-BrBNA
Idioma da catalogação eng
072 ## - CATEGORIA AGRIS
Código AGRIS F60
100 ## - ENTRADA PRINCIPAL - NOME PESSOAL
Nome pessoal Allend, Suzane Olachea
100 ## - ENTRADA PRINCIPAL - NOME PESSOAL
Nome pessoal Volcão, Lisiane
100 ## - ENTRADA PRINCIPAL - NOME PESSOAL
Nome pessoal Canielles, Carolina da Silva
100 ## - ENTRADA PRINCIPAL - NOME PESSOAL
Nome pessoal Barbosa, Israel
100 ## - ENTRADA PRINCIPAL - NOME PESSOAL
Nome pessoal Biatobock, Dara
100 ## - ENTRADA PRINCIPAL - NOME PESSOAL
Nome pessoal Silva, Pedro Eduardo Almeida da
100 ## - ENTRADA PRINCIPAL - NOME PESSOAL
Nome pessoal Ramos, Daniela Fernandes
245 ## - TÍTULO PRINCIPAL
Título principal Green propolis as an adjuvant against nontuberculous mycobacteria
500 ## - NOTA GERAL
Nota geral Publicação on-line; 36 ref.; 2 tables; 1 illus.; Summaries (En, Pt)
942 ## - ADDED ENTRY ELEMENTS (KOHA)
Koha item type Analítica
520 ## - NOTA DE RESUMO
Nota de conteúdo <br/><br/>Abstract<br/><br/>Natural products have been touted as important tools because of their vast potential for the development<br/>of compounds with antimicrobial activity and the possible inhibitory activity and/or adjuvant resistance<br/>mechanisms. Propolis has been empirically used for many years for the treatment of diseases, mainly due<br/>to its antioxidant, anti inflammatory and antimicrobial activities. This study aimed to evaluate the in vitro<br/>antimycobacterial activity of the ethanol extract of propolis alone and in combination with rifampicin (RIF),<br/>amikacin (AMI) and ciprofloxacin (CIP). The ethanol extract of propolis showed antibacterial activity against<br/>Mycobacterium chelonae and M. kansasii and was capable of increasing AMI, RIF and CIP activity in<br/>combination. On the other hand, compared to M. absecessus, M. fortuitum and M. avium, the extract was not<br/>active at 200 µg/mL and did not show pronounced adjuvant capacity when evaluated in association with the<br/>drugs. Based on these results, it can be concluded that the ethanol extract of propolis could be an alternative<br/>in the development of new drugs and can be used complementary with the current mycobacteriosis treatment.<br/><br/>Key words: additivity, antimicrobial, Mycobacterium sp., propolis.<br/><br/><br/><br/><br/>Resumo<br/><br/>Os produtos naturais têm sido apontados como ferramentas importantes devido ao seu vasto potencial para o<br/>desenvolvimento de compostos com atividade antimicrobiana e a possível atividade inibitória e/ou adjuvante<br/>de mecanismos de resistência. O própolis é utilizado empiricamente há muitos anos no tratamento de doenças,<br/>principalmente devido às suas atividades antioxidantes, anti-inflamatórias e antimicrobianas. Este estudo teve<br/>como objetivo avaliar a atividade antimicobacteriana in vitro do extrato etanólico de própolis isoladamente e<br/>em associação com rifampicina (RIF), amicacina (AMI) e ciprofloxacina (CIP). O extrato etanólico de própolis<br/>mostrou atividade antibacteriana frente Mycobacterium chelonae e M. kansasii e foi capaz de aumentar a<br/>atividade de AMI, RIF e CIP em associação. Por outro lado, frente a M. absecessus, M. fortuitum e M. avium, <br/>o extrato não foi ativo a 200 µg/mL e não apresentou capacidade adjuvante pronunciada quando avaliado em<br/>associação com os fármacos. Com base nesses resultados, pode-se concluir que o extrato etanólico de própolis<br/>pode ser uma alternativa no desenvolvimento de novos fármacos e pode ser utilizado complementarmente<br/>com o atual tratamento das micobacterioses.<br/><br/>Palavras-chave: aditividade, antimicrobiano, Mycobacterium sp., própolis.
650 ## - ASSUNTO - THESAGRO
Cabeçalho tópico ou nome geográfico PRÓPOLIS
650 ## - ASSUNTO - THESAGRO
Cabeçalho tópico ou nome geográfico MICOBACTÉRIA
650 ## - ASSUNTO - THESAGRO
Cabeçalho tópico ou nome geográfico MYCOBACTERIUM BOVIS
650 ## - ASSUNTO - THESAGRO
Cabeçalho tópico ou nome geográfico ADITIVO
650 ## - ASSUNTO - THESAGRO
Cabeçalho tópico ou nome geográfico PLANTA MEDICINAL
773 0# - ENTRADA ANALÍTICA
Host Biblionumber 709
Registro do item 357347
Imprenta Rio de Janeiro-RJ Jardim Botanico do Rio de Janeiro 1935
Outro identificador 2025-5311
Título Rodriguésia (Brazil)
ISSN 0370-6583; 2175-7860 on-line
Colação v. 72 p. 1-7; (2021)
Número de controle de registro BR2025002258
856 ## - ACESSO E ENDEREÇO ELETRÔNICO
Identificador uniforme de recurso - URI https://www.scielo.br/j/rod/a/LFGwVMMstHcCTwL975q5QWp/?format=pdf&lang=en

Nenhum exemplar disponível.

BINAGRI

Telefone: (61)3218-2567/2388/3357/2097 - binagri@agro.gov.br

Ministério da Agricultura e Pecuária , Esplanada dos Ministérios, Bloco D, Anexo B, Brasília/DF, CEP: 70.043-900